000 00362 a2200169 4500
001 46174
020 _a978-85-7272-294-0
040 _cAnchieta - Aquarius
100 _aLins, Guto
240 1 0 _aPalavras
_lpor
245 1 0 _aPalavras
300 _a
362 0 _a2011
440 1 _aMercuryo Novo Tempo
650 4 _aLiteratura infanto-juvenil
942 _cBK
999 _c46174
_d46174